00530nam a2200205Ia 4500003000900000005001700009008004100026040001300067040001300080041000800093100001900101245011500120250000900235260002500244260000900269300001100278300001200289490001700301490000600318IT-RoPAU20220918175758.0120407s9999 xx 000 0 und d aIT-RoPAU cIT-RoPAU aita aCatarina Gioia aLa donna: Figlia di san Paolo. Nella pastorale specializzata secondo l’insegnamento di Don Giacomo Alberione aRoma aCasa Generalizia FSP c1974 a231 p. c29,5 cm aManoscritto. v1